"Born to Die" - All Lyrics (Lana Del Rey) - Statistics

General Stats
  • This quiz has been taken 56 times
  • The average score is 424 of 500
Answer Stats
Answer % Correct
a
97%
born
97%
die
97%
die,
97%
die)
97%
(We
97%
to
97%
we
97%
We
97%
(We
97%
were
97%
And
95%
and
95%
I
95%
I,
95%
me?
95%
me
95%
you
95%
you,
95%
You
95%
cry
92%
don't
92%
Don't
92%
Is
92%
is
92%
it
92%
make
92%
the
92%
The
92%
Why?
92%
why
92%
your
92%
in
90%
like
90%
so
90%
So
90%
Who,
90%
get
87%
get,
87%
go
87%
It's
87%
on
87%
on,
87%
Take
87%
take
87%
'Cause
85%
know
85%
love
85%
not
85%
now
85%
sad,
85%
you're
85%
fail
82%
Feet
82%
girls
82%
last
82%
Let
82%
rain
82%
Sometimes
82%
that?)
82%
that
82%
tough,
82%
Try
82%
carry
79%
enough
79%
every
79%
feel
79%
have
79%
high
79%
kiss
79%
laugh,
79%
let's
79%
night
79%
Oh,
79%
road
79%
tell
79%
walk
79%
finish
77%
gets
77%
hard
77%
if
77%
insane
77%
line
77%
long,
77%
my
77%
pouring
77%
side
77%
alone
74%
by
74%
Can
74%
can
74%
fun
74%
making
74%
mine
74%
mine?
74%
or
74%
this
74%
Friday
72%
Keep
72%
step
72%
time
72%
told
72%
wild
72%
words,
72%
as
69%
But
69%
but
69%
heart,
69%
home
69%
honey
69%
mistake
69%
was
69%
what
69%
All
67%
breaks
67%
design?
67%
Walking
67%
am
64%
choose
64%
city
64%
Come
64%
could
64%
see
64%
streets
64%
confused
62%
meantime
62%
through
62%
I'm
59%
little
59%
blind
56%
child,
56%
once
56%
they'll
56%
find
54%
gates
54%
hoping
54%
couldn't
51%
found
51%
Lost,
51%
answers,
49%
at
49%
scared
44%
Tried
36%
(Got
31%
alright)
28%
(Louder)
26%
(Louder,
26%
No matching quizzes found
Score Distribution
Percent of People with Each Score
Percentile by Number Answered
Your Score History
You have not taken this quiz